|
|
|
|
| LEADER |
01165nam a2200325 4500 |
| 001 |
28440 |
| 003 |
BD-DhAAL |
| 005 |
20141019111023.0 |
| 008 |
141914s1973 enkbj b 000 0 eng |
| 010 |
|
|
|a 73176108
|
| 020 |
|
|
|a 0140442685
|
| 040 |
|
|
|a DLC
|c DLC
|d DLC
|d BD-DhAAL
|
| 041 |
1 |
|
|a engang
|
| 050 |
0 |
0 |
|a PR1583
|b .A5
|
| 082 |
0 |
0 |
|a 829/.3
|
| 130 |
|
|
|a Beowulf. English.
|9 5711
|
| 245 |
0 |
0 |
|a Beowulf :
|b a verse translation /
|c by Michael Alexander.
|
| 260 |
|
|
|a Harmondsworth,
|b Penguin,
|c 1973.
|
| 300 |
|
|
|a 176 p.
|b geneal. tables, map.
|c 18 cm.
|
| 490 |
0 |
|
|a Penguin classics
|
| 504 |
|
|
|a Includes index and bibliography: p. 157-158.
|
| 541 |
|
|
|e 28440
|
| 650 |
|
0 |
|a Heroes
|z Scandinavia
|x Poetry.
|9 5712
|
| 650 |
|
0 |
|a Epic poetry, English (Old)
|9 5713
|
| 650 |
|
0 |
|a Monsters
|x Poetry.
|9 5714
|
| 650 |
|
0 |
|a Dragons
|x Poetry.
|9 5715
|
| 700 |
1 |
|
|a Alexander, Michael,
|d 1941-
|9 5716
|
| 942 |
|
|
|2 ddc
|c BK
|
| 999 |
|
|
|c 32941
|d 32941
|
| 952 |
|
|
|0 0
|1 0
|2 ddc
|4 0
|6 829_300000000000000_BEO
|7 0
|9 43865
|a BRACUL
|b BRACUL
|c GEN
|d 2014-10-19
|e Friends book corner
|g 50.00
|l 2
|o 829.3 BEO
|p 3010028440
|r 2022-11-09
|s 2022-11-08
|t 1
|w 2014-10-19
|y BK
|x Transferred from BIL to BRACUL on 06/06/22
|